Online
Catalog

Tres documentos de nuestra América / (Record no. 15119)

MARC details
000 -CABECERA
campo de control de longitud fija 01265cam a2200313 a 4500
001 - NÚMERO DE CONTROL
campo de control 000015563
005 - FECHA Y HORA DE LA ÚLTIMA TRANSACCIÓN
campo de control 20200929164058.0
008 - DATOS DE LONGITUD FIJA--INFORMACIÓN GENERAL
campo de control de longitud fija 830831s1979 cu 000 0 eng
040 ## - FUENTE DE LA CATALOGACIÓN
Centro catalogador/agencia de origen DO-SdBNP
Centro/agencia transcriptor DLC
Centro/agencia modificador DLC
043 ## - CÓDIGO DE ÁREA GEOGRÁFICA
Código de área geográfica cl-----
050 00 - SIGNATURA TOPOGRÁFICA DE LA BIBLIOTECA DEL CONGRESO
Número de clasificación F1412
Número de documento/Ítem .T73 1979
082 ## - NÚMERO DE LA CLASIFICACIÓN DECIMAL DEWEY
Número de clasificación nnn
Número de documento/Ítem T796
082 00 - NÚMERO DE LA CLASIFICACIÓN DECIMAL DEWEY
Número de clasificación 980/.02
Número de edición 19
049 ## - FONDOS LOCALES (OCLC)
Fondos de biblioteca BNGR
245 00 - MENCIÓN DE TÍTULO
Título Tres documentos de nuestra América /
Mención de responsabilidad, etc. edición ; Roberto Romaní Velazco.
260 ## - PUBLICACIÓN, DISTRIBUCIÓN, ETC.
Lugar de publicación, distribución, etc. La Habana, Cuba :
Nombre del editor, distribuidor, etc. Casa de las Américas,
Fecha de publicación, distribución, etc. 1979.
300 ## - DESCRIPCIÓN FÍSICA
Extensión 273 p. ;
Dimensiones 23 cm.
490 1# - MENCIÓN DE SERIE
Mención de serie Pensamiento de nuestra América
500 ## - NOTA GENERAL
Nota general Inglés, francés, portugués y español.
505 0# - NOTA DE CONTENIDO CON FORMATO
Nota de contenido con formato Carta de Jamaica / Simón Bolivar -- Nuestra América / José Martí -- Segunda Declaración de La Habana.
651 #0 - PUNTO DE ACCESO ADICIONAL DE MATERIA--NOMBRE GEOGRÁFICO
Nombre geográfico Latin America
Subdivisión general History
Subdivisión cronológica Wars of Independence, 1806-1830
Subdivisión general Sources.
9 (RLIN) 35111
651 #0 - PUNTO DE ACCESO ADICIONAL DE MATERIA--NOMBRE GEOGRÁFICO
Nombre geográfico Latin America
Subdivisión general History
Subdivisión cronológica 1830-
Subdivisión general Sources.
9 (RLIN) 35112
700 1# - PUNTO DE ACCESO ADICIONAL--NOMBRE DE PERSONA
Nombre de persona Romaní Velazco, Roberto
Término indicativo de función/relación ed.
9 (RLIN) 35113
700 12 - PUNTO DE ACCESO ADICIONAL--NOMBRE DE PERSONA
Nombre de persona Bolivar, Simon,
Fechas asociadas al nombre 1783-1830.
Título de la obra Carta de Jamaica.
Fecha de publicación/de la obra 1979.
9 (RLIN) 35114
700 12 - PUNTO DE ACCESO ADICIONAL--NOMBRE DE PERSONA
Nombre de persona Marti, Jose,
Fechas asociadas al nombre 1853-1895.
Título de la obra Nuestra America.
Fecha de publicación/de la obra 1979.
9 (RLIN) 35115
730 02 - PUNTO DE ACCESO ADICIONAL--TÍTULO UNIFORME
Título uniforme Segunda Declaracion de La Habana.
Fecha de publicación/de la obra 1979.
9 (RLIN) 35116
830 #0 - PUNTO DE ACCESO ADICIONAL DE SERIE-TÍTULO UNIFORME
Título uniforme Pensamiento de nuestra América ;
9 (RLIN) 35117
910 ## - DATOS DE OPCIÓN DEL USUARIO (OCLC)
Datos de opción del usuario Catalogación por copia / LC
Holdings
Estado de retiro Estado de pérdida Restricciones de uso No para préstamo Código de colección Localización permanente Ubicación/localización actual Ubicación en estantería Fecha de adquisición Número de inventario Total de préstamos Signatura topográfica completa Código de barras Fecha visto por última vez Precio válido a partir de Tipo de ítem Koha
    Préstamo interno   Monografías: Libros y Folletos General General En catalogación 12.02.2010 LF1   nnn 980/.02 T796 15563-10 25.06.2020 25.06.2020 Préstamo interno

Powered by Koha